| 000 | 00000nam##2200000za#4500 |
| 001 | 9.640871 |
| 003 | CaOODSP |
| 005 | 20210624222900 |
| 007 | cr ||||||||||| |
| 008 | 150407|2005||||xxc|||||o f|0| 0 fre|d |
| 040 | |aCaOODSP|bfre |
| 043 | |an-cn--- |
| 086 | 1 |aH174-37/2005-4F-PDF |
| 110 | 1 |aCanada.|bConseil canadien de la santé. |
| 245 | 10|aTemps d'attente et accès : |h[ressource électronique]|bdocument de travail joint à Renouvellement des soins de santé au Canada: Accélérer le changement (Janvier 2005) |
| 260 | |aToronto - Ontario : |bConseil canadien de la santé |c[2005]. |
| 300 | |a14p.|bfigure, références, tableau |
| 590 | |a12-39-Supp|b2012-10-11 |
| 691 | 07|aQualité des soins de santé|2gcpds |
| 775 | 08|tWait times and access : |w(CaOODSP)9.696763 |
| 856 | 40|ahttp://publications.gc.ca|qPDF|s235 Ko|uhttps://publications.gc.ca/collections/collection_2012/ccs-hcc/H174-37-2005-4-fra.pdf |